La réponse termine par F - Statistiques

Statistiques générales
  • Ce quiz a été pris 386 fois
  • Le résultat moyen est 15 sur 20
Statistiques - réponses
Indices Réponses % Correct
Sport pratiqué par Brice de Nice Surf
96%
Mâle de la biche Cerf
95%
Personne qui dirige une brigade de cuisine Chef
94%
Se dit de quelque chose qui est nouveau Neuf
93%
Sensation du besoin de boire Soif
93%
Homme dont l'époux ou l'épouse est décédé(e) Veuf
93%
Onomatopée signifiant que quelqu'un ou quelque chose est tombé dans l'eau Plouf
91%
Personne appartenant au peuple hébreu Juif
86%
Prénom du personnage incarné par Jean-Paul Rouve dans la saga cinématographique Les Tuche Jeff
85%
Marque de jouet sous forme de pistolet tirant des projectiles en mousse, et détenue par Hasbro NERF
85%
Sport pratiqué par Tiger Woods, Jack Nicklaus et Rory McIlroy Golf
83%
Taureau castré Boeuf
73%
Aux États-Unis, fonctionnaire élu dans un comté ou une ville indépendante, chargé du maintien de l'ordre Shérif
72%
Couteau de poche dont la lame se replie dans le manche Canif
70%
Qui n'est pas réel Fictif
68%
Se dit d'un résultat qui est plus ou moins précis Approximatif
60%
Extra-terrestre poilu de série TV qui veut manger des chats Alf
42%
Bande de plastique recouverte de colle et pouvant servir à attacher des feuilles de papier Adhésif
36%
Gâteau-brioche alsacien en forme de couronne cannelée avec un trou en forme de cône au milieu Kouglof
33%
Appareil conçu pour évoluer dans l’espace Astronef
15%
Aucun quiz correspondant
Distribution des résultats
% des personnes avec chaque résultat
Percentile par nombre de réponses
Votre historique - résultats
Vous n’avez pas pris ce quiz